书目信息 |
| 题名: |
室内设计
|
|
| 作者: | 王明道 主编 | |
| 分册: | ||
| 出版信息: | 北京 机械工业出版社 2017.7 |
|
| 页数: | 241页 | |
| 开本: | 26cm | |
| 丛书名: | ||
| 单 册: | ||
| 中图分类: | TU238.2 | |
| 科图分类: | ||
| 主题词: | 室内装饰设计--高等职业教育--教材 | |
| 电子资源: | ||
| ISBN: | 978-7-111-49440-9 | |
| 000 | 00951nam0 2200253 450 | |
| 001 | 0400002953 | |
| 005 | 20171026101531.26 | |
| 010 | @a978-7-111-49440-9@dCNY66.00 | |
| 100 | @a20171021d2017 em y0chiy ea | |
| 101 | 0 | @achi |
| 102 | @aCN@b110000 | |
| 105 | @aa z 000yy | |
| 106 | @ar | |
| 200 | 1 | @a室内设计@9shi nei she ji@f王明道主编 |
| 205 | @a第2版 | |
| 210 | @a北京@c机械工业出版社@d2017.7 | |
| 215 | @a241页@c图@d26cm | |
| 300 | @a“十一五”浙江省重点教材建设项目 高职高专工建类“十二五”规划教材 建筑装饰工程技术专业 | |
| 330 | @a本书共十章,主要内容包括:室内设计概论、室内空间设计、室内空间的界面设计、室内设计与人体工程学、室内空间的采光与照明、居住空间设计、办公空间设计、餐饮空间设计、商务旅馆空间设计、专卖店空间设计等。 | |
| 606 | 0 | @a室内装饰设计@x高等职业教育@j教材 |
| 690 | @aTU238.2@v5 | |
| 701 | 0 | @a王明道@9wang ming dao@f(1956-)@4主编 |
| 801 | 0 | @aCN@b91MARC@c20171021 |
| 905 | @b1035291-5@dTU238.2@f5@e1228=2 | |
| 室内设计/王明道主编.-第2版.-北京:机械工业出版社,2017.7 |
| 241页:图;26cm |
| “十一五”浙江省重点教材建设项目 高职高专工建类“十二五”规划教材 建筑装饰工程技术专业 |
| ISBN 978-7-111-49440-9:CNY66.00 |
| 本书共十章,主要内容包括:室内设计概论、室内空间设计、室内空间的界面设计、室内设计与人体工程学、室内空间的采光与照明、居住空间设计、办公空间设计、餐饮空间设计、商务旅馆空间设计、专卖店空间设计等。 |
| ● |
| 相关链接 |
|
|
|
|
正题名:室内设计
索取号:TU238.2/1228=2
 
预约/预借
| 序号 | 登录号 | 条形码 | 馆藏地/架位号 | 状态 | 备注 |
| 1 | 1035291 | 210352919 | 第二样本阅览室/ [索取号:TU238.2/1228=2] | 在馆 | |
| 2 | 1035292 | 210352928 | 密集书库-生命科学系/ [索取号:TU238.2/1228=2] | 在馆 | |
| 3 | 1035293 | 210352937 | 第三借阅区/ [索取号:TU238.2/1228=2] | 在馆 | |
| 4 | 1035294 | 210352946 | 第三借阅区/ [索取号:TU238.2/1228=2] | 在馆 | |
| 5 | 1035295 | 210352955 | 第三借阅区/ [索取号:TU238.2/1228=2] | 在馆 |